| 000 | 00605nam a2200229 a 4500 | ||
|---|---|---|---|
| 999 |
_c2227 _d2227 |
||
| 001 | 011682364 | ||
| 003 | UkOxU | ||
| 005 | 20230403100121.0 | ||
| 008 | 940916r19941992enka j 000 1 eng d | ||
| 015 | _aGB 94-77702 | ||
| 020 | _a9780140369182 | ||
| 035 | _aBNB issue 2308 | ||
| 040 |
_cSTD _dKH8 |
||
| 082 |
_a823.914 WIL _220 |
||
| 100 | 1 |
_aWilson, Jacqueline. _eauthor |
|
| 245 | 1 | 0 |
_aVideo Rose / _cJacqueline Wilson. |
| 260 |
_aLondon : _bPuffin, _c1994. |
||
| 300 |
_a88 p. ; _c20 cm. |
||
| 500 | _aFirst published: Blackie Children's, 1992. | ||
| 650 | _aChildren's story | ||
| 942 |
_2ddc _cNFIC |
||